000 01370nam a2200301 a 4500
001 001052485
003 AM-YEHGA
005 20250617164724.0
008 141219s2014 ai a||||r|||||||||0|arm|d
020 _a9789939100722
040 _aAM-YeHGA
041 0 _aarm
_aeng
245 0 0 _aՀայկական խեցեգործություն : IX-XIII դդ., Դվին, Անի /
_cՄտահղացումը՝ Ա.Գրիգորյանի ; Ա. Գրիգորյան, Ի. Մկրտչյան ; Անգլ. թարգմ.` Ա. Ֆրունջյան, Խ. Գրիգորյան ; Լուսանկ. Վ. Հակոբյան ; ՀՊԹ.
246 1 5 _aArmenian ceramics : IX-XIII cc., Dvin, Ani
260 _aԵրևան :
_bՏիգրան Մեծ,
_c2014.
300 _a204 էջ :
_bգուն. նկ. ;
_c30 սմ.
546 _aՏեքստը՝ զուգ. հայ. և անգլ.
650 1 4 _aԽեցեգործություն
_zՀայաստան
650 1 4 _aՀնագիտություն
_zՀայաստան
700 1 _aԳրիգորյան, Անելկա
_eխմբ.
_4edt
700 1 _aՄկրտչյան, Իվետա
_eխմբ.
_4edt
700 1 _aՖրունջյան, Աիդա
_eթարգմ.
_4trl
700 1 _aԳրիգորյան, Խանդութ
_eթարգմ.
_4trl
700 1 _aՀակոբյան, Վռամ
_eնկ.
_4ill
710 2 _aՀայաստանի պատմության թանգարան
942 _2udc
_cBK
090 _c566933
999 _c528678
_d528678